00929nam a2200253Ia 4500003000400000005001700004008004100021020001800062040001800080041000800098082001900106100002500125245014600150250001200296260004600308300002700354650002900381650003900410650002800449650002200477942002600499999001900525952013100544OSt20260105100117.0210716s2018 xx 000 0 und d a9788126556830 cAIMIT LIBRARY aeng a005.764 bPEAG aPease, Gene.9250071 aHuman capital analytics :bhow to harness the potential of your organizations greatest asset /cBy Gene Pease, Boyce Byerly and Jac Fitz-eng. a1st ed. aNew Delhi :bWiley India Pvt Ltd ,c2018. axiv,236 p.;bPBc24cm. aMeasurement Plan9250072 aBeyond ROI to optimization9250073 aShare the story9250074 aCausation9250075 2ddccBKk005.764 PEAG c197026d197026 001040708MCAaAIMITbAIMITeKnowledge Worldg999.00l0o005.764 PEAGpMCA16541r2026-05-23 00:00:00v749.25w2021-07-16yBK